Beverage Brand Bonanza Quiz Stats

 Plays Quiz Updated Jan 20, 2015

Also try: Candy Bonanza
Challenge
Share
Tweet
Score 0/30 Timer 04:00
2 Plays Today
% Correct
Coca-
98.9%
Dr
98.2%
Mountain
97.6%
Kool-
96.1%
Minute
94.3%
Hawaiian
91.9%
Sunny
91.9%
Mello
91.8%
Red
91.4%
A&
91.2%
Yoo-
91%
Ocean
90.7%
Canada
90.6%
Sierra
87.3%
Hi-
86.3%
% Correct
Mr.
85%
V
84.7%
Juicy
81.8%
7-
81.6%
Royal
79%
Simply
74.1%
Five
70.5%
Sun
70.2%
Bacardi
68.2%
Country
68%
Bubble
65.8%
Diet
65.5%
Tropicana
64.8%
Four
60.8%
Beaver
39.9%

You're not logged in!

Compare scores with friends on all Sporcle quizzes.
Join for Free
OR
Log In

You Might Also Like...

Show Comments

Extras

Top Quizzes Today


Score Distribution

Your Account Isn't Verified!

In order to create a playlist on Sporcle, you need to verify the email address you used during registration. Go to your Sporcle Settings to finish the process.

Report this User

Report this user for behavior that violates our Community Guidelines.

Details: